| 000 | 01476cam a22003493a 4500 | ||
|---|---|---|---|
| 001 | 2625 | ||
| 005 | 20240105124116.0 | ||
| 020 | _a1423100204 | ||
| 020 | _a9781423100201 | ||
| 040 |
_aGEC _cGEC _dGEC _dBAKER _dIHI _dSRB _dMNL _dBTCTA _dDLC _beng |
||
| 050 | 0 | 0 | _aPZ7.K53148 |
| 082 | 0 | 4 |
_a331 _222 |
| 100 | 1 | _aKidd, Rob | |
| 245 | 1 | 4 |
_aThe pirate chase / _cby Rob Kidd ; illustrated by Jean-Paul Orpinas |
| 246 | 1 |
_iAt head of title: _aDisney pirates of the Caribbean, Jack Sparrow |
|
| 246 | 3 | _aPirates of the Caribbean, Jack Sparrow | |
| 250 | _aFirst Edition | ||
| 260 |
_aNew York : _bDisney Press, _c2006 |
||
| 300 |
_a119 pages : _billustrations ; _c19 cm |
||
| 490 | 1 |
_aJack Sparrow ; _v3 |
|
| 505 | _aH | ||
| 520 | _a"Jack and company are hot on the trail of the notorious pirate Left Foot Louis, who they believe is currently in possession of the Sword of Cortés. But chasing down a fierce seafarer is challenging even for Jacks formidable crew. And to top it all off, newly appointed first mate Arabella has a personal score to settle with Louis, but could jeopardize the entire mission!"--Publisher. | ||
| 521 |
_a500 _bLexile estimate |
||
| 521 |
_aH _bRaz-Plus |
||
| 650 | 0 |
_aPirates _vJuvenile fiction. |
|
| 650 | 0 |
_aTreasure troves _vJuvenile fiction. |
|
| 650 | 1 |
_aPirates _vFiction. |
|
| 650 | 1 |
_aBuried treasure _vFiction. |
|
| 700 | 1 |
_aOrpinas, Jean-Paul _eillustrator |
|
| 906 |
_a7 _bcbc _ccopycat _d2 _encip _f20 _gy-gencatlg |
||
| 942 |
_2ddc _cBK _n0 |
||
| 999 |
_c2625 _d2625 |
||